00734nam a2200217 4500003001100000005001700011008004100028020001800069040003900087041000800126082001500134245008200149260004900231300005500280650005000335650004500385700002300430700002400453700001900477700002000496LK-CoMWRAF20231215102644.0231215b2013 |||||||| |||| 00| 0 eng d a9789551770112 aLK-CoMWRAFdLK-CoMWRAFeLK-CoMWRAF aeng a331.4bTRA aTransforming lives : blistening to Sri Lankan returnee women migrant workers aColombo:bWomen and Media Collective, c2013 a84 p. : 1 color map ; 21 cmbBibliography included aReturn migrants- Sri Lanka- Social conditions aWomen foreign workers- Social conditions aKottegoda, Sepali  aJayasundere, Ramani aPerera, Sumika aAtapattu, Padma